JULBEMD Zoo: Hidden Animals Quiz Stats

 Plays Quiz Updated Jan 28, 2013

Challenge
Share
Tweet
Embed
Score 0/43 Timer 07:00
4 Plays Today
% Correct
FA (L) CON
85.5%
PIGEO (N)
82.6%
(B) EETLE
79.4%
SP (I) DER
78.5%
(J) AGUAR
73.2%
MAR (M) OT
69.5%
DON (K) EY
69%
COY (O) TE
67.7%
(S) HRIMP
67.7%
WA (L) RUS
67.2%
COUG (A) R
67%
(P) OSSUM
64.7%
IGUAN (A)
61.9%
G (O) PHER
60.6%
PYTH (O) N
60.5%
F (E) RRET
59.6%
WEASE (L)
59.6%
TURTL (E)
59.2%
RA (B) BIT
59%
(B) EAVER
54.7%
SALMO (N)
48.4%
GE (R) BIL
47.4%
% Correct
M (A) GPIE
46%
TOU (C) AN
45.1%
SCA (R) AB
44.1%
SPON (G) E
42.9%
COND (O) R
42.8%
J (A) CKAL
42.5%
BO (B) CAT
40.5%
IMPA (L) A
40.5%
B (A) DGER
40.2%
UR (C) HIN
38.7%
HORNE (T)
37.4%
PARR (O) T
36.5%
(B) ELUGA
35.3%
VERVE (T)
33.7%
(O) CELOT
31.7%
BABOON
31%
M (A) RLIN
28.1%
ORI (O) LE
26.8%
E (R) MINE
26.3%
SERV (A) L
18.3%
VIC (U) NA
16.8%

You're not logged in!

Compare scores with friends on all Sporcle quizzes.
Join for Free
OR
Log In

You Might Also Like...

Show Comments

Extras

Top Quizzes Today


Score Distribution

Your Account Isn't Verified!

In order to create a playlist on Sporcle, you need to verify the email address you used during registration. Go to your Sporcle Settings to finish the process.

Report this User

Report this user for behavior that violates our Community Guidelines.

Details: